LEADER 00904nam0-22003011i-450- 001 990003224980403321 035 $a000322498 035 $aFED01000322498 035 $a(Aleph)000322498FED01 035 $a000322498 100 $a20000920d1988----km-y0itay50------ba 101 0 $aita 102 $aIT 200 1 $aTransnational Corporations in World Development$eTrends and Prospects$fUnited Nations Centre on Transnational Corporations. 210 $aNew York$cUnited Nations$d1988. 215 $a630 p.$d27 cm 676 $aO/1.2432 676 $aO/1.34 676 $aO/2.223 712 2$aCentre on Transnational Corporations$c 801 0$aIT$bUNINA$gRICA$2UNIMARC 901 $aBK 912 $a990003224980403321 952 $aO/1.34 UNI/N.A.$b9711$fSES 959 $aSES 996 $aTransnational Corporations in World Development$9454718 997 $aUNINA DB $aING01 LEADER 01845oam 2200565M 450 001 9910716387103321 005 20200213070543.2 035 $a(CKB)5470000002520261 035 $a(OCoLC)1065861692 035 $a(OCoLC)995470000002520261 035 $a(EXLCZ)995470000002520261 100 $a20071213d1926 ua 0 101 0 $aeng 135 $aurcn||||||||| 181 $ctxt$2rdacontent 182 $cc$2rdamedia 183 $acr$2rdacarrier 200 10$aAgricultural Credits Act. May 10, 1926. -- Ordered to be printed 210 1$a[Washington, D.C.] :$c[U.S. Government Printing Office],$d1926. 215 $a1 online resource (1 page) 225 1 $aSenate report / 69th Congress, 1st session. Senate ;$vno. 804 225 1 $a[United States congressional serial set ] ;$v[serial no. 8526] 300 $aBatch processed record: Metadata reviewed, not verified. Some fields updated by batch processes. 300 $aFDLP item number not assigned. 606 $aAgricultural credit 606 $aAgricultural laws and legislation 606 $aBank loans 606 $aBanks and banking 606 $aCrops 606 $aLegislative amendments 606 $aLiens 606 $aMortgages 608 $aLegislative materials.$2lcgft 615 0$aAgricultural credit. 615 0$aAgricultural laws and legislation. 615 0$aBank loans. 615 0$aBanks and banking. 615 0$aCrops. 615 0$aLegislative amendments. 615 0$aLiens. 615 0$aMortgages. 701 $aMcLean$b George Payne$f1857-1932$pRepublican (CT)$01386833 801 0$bWYU 801 1$bWYU 801 2$bOCLCO 801 2$bOCLCQ 906 $aBOOK 912 $a9910716387103321 996 $aAgricultural Credits Act. May 10, 1926. -- Ordered to be printed$93489734 997 $aUNINA